02440nam a2200313uu 4500001000800000005001700008007001000025008004100035035001200076040001300088041000800101082000800109100005800117245015900175260003500334300001300369520129800382650003601680650003601716650002801752650002601780650004301806700005001849942001001899999001901909502001201928526000801940952017801948136200320260508084727.0co|||||||140307s2014 spa  a1362003 ccomduadb aspa 4a30510aHiguita González, Victoria Helena4auteaut969556910aMujeres Semana a Semana : un análisis de contenido de los artículos de portada en los cuales la revista Semana destacó a mujeres, entre 1982 y 2012 aMedellín :bAutor(a),c2014. a1 CD-ROM3 aBusca responder a la pregunta por el tipo de mujer que se destacó en las portadas de las revista Semana durante el tiempo seleccionado. Se aplicó la metodología de análisis de contenido a un total de 70 artículos que aparecieron en la portada de la revista y en los cuales se destacaron mujeres con las siguientes características: colombiana, mayor de edad y protagonista de la información suministrada por el artículo. Las categorías utilizadas para el análisis fueron: mes y año de la publicación del artículo; grupo étnico, lugar de residencia, estrato socioeconómico y nivel educativo de las mujeres que figuraron en las portadas; mujeres que aparecieron con mayor frecuencia; profesión u oficio; temática de los artículos; aspectos destacados de las mujeres; fuentes de la información; y asuntos abordados por las mujeres protagonistas de los artículos. Los resultados indican que la mayoría de las mujeres que aparecen en las portadas de las revista Semana analizadas son mestizas, habitantes de las principales ciudades del país, de estrato socioeconómico alto y con formación universitaria. Las mujeres que mayor figuración tienen son las relacionadas con el mundo político y con el de las artes, el espectáculo y la televisión. aMujeres en el periodismo912958 7aMujereszColombia2lemb9170313 aAnálisis de contenido aRevista Semana960821 aMedios de comunicacion y mujer911104210aAcevedo Moreno, Elvia Elena4thseths9316367 cTESIS c674020d674020 b121c13 a122 001040708TESDIGBCaBCbBCd2014-03-07eMaterial adquirido por donacióniC1199027l1o305.4 H638 CD-ROMp0986244r2024-02-17 00:00:00s2024-02-10t1w2023-05-02yDIGITAL